Essentials of investments. / (Record no. 8384)
[ view plain ]
| 000 -LEADER | |
|---|---|
| fixed length control field | 01687nam a22002417a 4500 |
| 003 - CONTROL NUMBER IDENTIFIER | |
| control field | OSt |
| 005 - DATE AND TIME OF LATEST TRANSACTION | |
| control field | 20220112125523.0 |
| 008 - FIXED-LENGTH DATA ELEMENTS--GENERAL INFORMATION | |
| fixed length control field | 120612t xxu||||| |||| 00| 0 eng d |
| 020 ## - INTERNATIONAL STANDARD BOOK NUMBER | |
| International Standard Book Number | 0072318597 |
| 040 ## - CATALOGING SOURCE | |
| Transcribing agency | LC |
| 100 ## - MAIN ENTRY--PERSONAL NAME | |
| Personal name | Bodie, Zvi. |
| 245 ## - TITLE STATEMENT | |
| Title | Essentials of investments. / |
| Statement of responsibility, etc. | Zvi Bodie, Alex Kane and Alan J. Marcus. |
| 250 ## - EDITION STATEMENT | |
| Edition statement | 4th ed. |
| 260 ## - PUBLICATION, DISTRIBUTION, ETC. | |
| Place of publication, distribution, etc. | New York: |
| Name of publisher, distributor, etc. | McGraw-Hill, |
| Date of publication, distribution, etc. | 2001. |
| 300 ## - PHYSICAL DESCRIPTION | |
| Extent | xxx, 688 p.: |
| Other physical details | ill.; |
| 490 ## - SERIES STATEMENT | |
| Materials specified | The McGraw-Hill series in finance, insurance and reals estate |
| 500 ## - GENERAL NOTE | |
| General note | Includes index. |
| 505 ## - FORMATTED CONTENTS NOTE | |
| Formatted contents note | Contents: 1. Introduction and overview: Globalization -- 2. Country factors: National differences in political economy -- Differences in culture -- Cases -- 3. The Global trade and investment environment : International trade theory -- The Political economy of international trade -- Foreign direct investment -- The Political economy of foreign direct investment -- Regional economic integration -- Cases -- 4. The Global Monetary system: The Foreign exchange market -- The International monetary system -- The Global capital market -- Cases -- 5. The strategy and structure of international business: The Strategy of international business -- The Organization of international business -- Entry strategy and strategic alliances -- Cases -- 6. Business Operations: Exporting, importing and countertrade -- Global manufacturing and materials management -- Global marketing and R&D -- Global human resource management -- Accounting in the international business -- Financial management in the international business -- Case -- |
| 653 ## - INDEX TERM--UNCONTROLLED | |
| Uncontrolled term | Investments |
| 700 ## - ADDED ENTRY--PERSONAL NAME | |
| Personal name | Kane, Alex. |
| 700 ## - ADDED ENTRY--PERSONAL NAME | |
| Personal name | Marcus, Alan J. |
| 942 ## - ADDED ENTRY ELEMENTS (KOHA) | |
| Source of classification or shelving scheme | Library of Congress Classification |
| Koha item type | Books |
| Withdrawn status | Lost status | Source of classification or shelving scheme | Damaged status | Not for loan | Home library | Current library | Shelving location | Date acquired | Total Checkouts | Full call number | Barcode | Date last seen | Price effective from | Koha item type |
|---|---|---|---|---|---|---|---|---|---|---|---|---|---|---|
| Library of Congress Classification | WISCONSIN INTERNATIONAL UNIVERSITY COLLEGE, GHANA KUMASI LIBRARY | WISCONSIN INTERNATIONAL UNIVERSITY COLLEGE, GHANA KUMASI LIBRARY | General Stacks | 23/10/2019 | HG4521.B56(4e) | K/288/288/19 | 11/01/2022 | 11/01/2022 | Books |
